00876cam a2200205 a 450000100100000000500170001000800410002702000240006804000250009208200170011710000310013424500910016526001620025630000330041844000390045150400530049065000260054365000350056971000660060400000240220200929150207.0850709s1984 waua b i001 0 spa  a0827020163 (pbk.) : aDO-SdBNPbspacBNPHU a591.5bV393e1 aVaz-Ferreira, Raul,d1918-10aEtología :bel estudio biológico del comportamiento animal /cRaúl Vaz-Ferreira. aWashington, D.C. :bSecretaría General de la Organización de los Estados Americanos. Programa Regional de Desarrollo Científico y Tecnológico,c1984. avii, 150 p. :bil. ;c23 cm. 0aBiología ;pMonografíavno. 29 aIncluye referencias bibliográfica: p. 131-145. 4aComportamiento animal 4aAnimalesxHábitos y conducta2 aPrograma Regional de Desarrollo Científico y Tecnológico.